Descartes, l'ombre d'un doute : Portrait du philosophe en malin génie (notice n° 2198201)
[ vue normale ]
| 000 -LEADER | |
|---|---|
| fixed length control field | 01407cam a2200133 4500500 |
| 005 - DATE AND TIME OF LATEST TRANSACTION | |
| control field | 20260405085520.0 |
| 041 ## - LANGUAGE CODE | |
| Language code of text/sound track or separate title | fre |
| 042 ## - AUTHENTICATION CODE | |
| Authentication code | dc |
| 100 10 - MAIN ENTRY--PERSONAL NAME | |
| Personal name | Bardyn, Christophe |
| Relator term | author |
| 245 00 - TITLE STATEMENT | |
| Title | Descartes, l'ombre d'un doute : Portrait du philosophe en malin génie |
| 260 ## - PUBLICATION, DISTRIBUTION, ETC. | |
| Name of publisher, distributor, etc. | Armand Colin,<br/> |
| Date of publication, distribution, etc. | 2021.<br/> |
| 520 ## - SUMMARY, ETC. | |
| Summary, etc. | La subjectivité moderne commence avec Descartes. La modernité n’est pourtant pas restée fidèle à la lettre de l’idéalisme cartésien. Chacun en hérite pour le modifier (Malebranche, Spinoza, etc.) ou le critiquer (Locke, Kant, etc.). C’est qu’en effet quelque chose ne fonctionne pas dans les Méditations de Descartes. Ce n’est pas le cogito. Le cogito est vrai, on n’avait d’ailleurs pas attendu Descartes pour s’en rendre compte : saint Augustin et Avicenne l’avaient vu avant lui. Ce qui ne fonctionne pas, c’est le doute hyperbolique. Cet essai montre que tous les lecteurs attentifs de Descartes, depuis le XVIIe siècle jusqu’à nos jours, ont vu le défaut du doute. Le problème, c’est qu’ils ont, à peu près tous, fait comme si cela n’avait pas d’importance. Compte tenu des conséquences du doute pour la constitution de l’idéalisme subjectif moderne, ce défaut de la méthode devait être mis en évidence. |
| 856 41 - ELECTRONIC LOCATION AND ACCESS | |
| Uniform Resource Identifier | <a href="https://shs.cairn.info/descartes-l-ombre-d-un-doute--9782200631253?lang=fr&redirect-ssocas=7080">https://shs.cairn.info/descartes-l-ombre-d-un-doute--9782200631253?lang=fr&redirect-ssocas=7080</a> |
Pas d'exemplaire disponible.




Réseaux sociaux